Finite element analysis of crack growth in inelastic media /
| Main Author: | |
|---|---|
| Other Authors: | , |
| Format: | Thesis Book |
| Language: | English |
| Published: |
1986.
|
| Subjects: | |
| Online Access: | Link to ProQuest copy Link to OAKTrust copy ProQuest, Abstract |
MARC
| Tag | First Indicator | Second Indicator | Subfields |
|---|---|---|---|
| LEADER | 00000ctm a2200000Ia 4500 | ||
| 001 | in00000013999 | ||
| 005 | 20220104090756.0 | ||
| 008 | 880427s1986 xx a bm 000 0 eng d | ||
| 035 | |9 AAA6347AM | ||
| 035 | |a (OCoLC)17857493 | ||
| 035 | |a (OCoLC)ocm17857493 | ||
| 040 | |a TXA |b eng |c TXA |d OCLCQ |d OCLCF |d OCLCO |d OCLCQ |d UMI |d TXA | ||
| 049 | |a TXAM | ||
| 099 | |a 1986 |a Disser- |a tation |a W362 | ||
| 100 | 1 | |a Weatherby, Joe Randall, |d 1959- | |
| 245 | 1 | 0 | |a Finite element analysis of crack growth in inelastic media / |
| 264 | 1 | |c 1986. | |
| 300 | |a xv, 180 leaves : |b illustrations ; |c 29 cm | ||
| 336 | |a text |b txt |2 rdacontent | ||
| 337 | |a unmediated |b n |2 rdamedia | ||
| 338 | |a volume |b nc |2 rdacarrier | ||
| 500 | |a "Major subject: Mechanical Engineering." | ||
| 500 | |a Typescript (photocopy). | ||
| 500 | |a Vita. | ||
| 502 | |b Ph. D. |c Texas A & M University |d 1986 | ||
| 504 | |a Includes bibliographical references (leaves 141-145). | ||
| 520 | 3 | |a In most materials, macrocrack extension is accompanied by inelastic phenomena (such as microcracking or plastic deformation) throughout a region surrounding the crack tip. Immediately ahead of the crack tip, strain localization occurs in a small volume of heavily damaged material referred to as the failure zone or fracture process zone. In this study, the failure zone and the surrounding zone of inelastic material are treated as two distinct regions. The failure zone is assumed to be thin relative to its length and is represented in a two-dimensional finite element model as tractions which act across the crack faces near the tip. An opening mode of crack tip deformation is assumed. The normal traction at any point on the crack surface in the failure zone is specified as a decreasing function of the crack opening displacement which vanishes after a critical value of displacement is reached. Two different rate-independent, inelastic continuum characterizations are used; one models metal plasticity and another represents microcracking in brittle materials. Both constitutive models allow for the definition of a generalized J-integral developed by Schapery, which has the same value for most paths around the crack tip for realistic distributions of plasticity or damage in the material surrounding a stationary or propagating crack. This path independence is verified numerically for a crack growing under conditions of small-scale inelasticity, and the equivalence between J and the work input to the last ligament of material in the failure zone is demonstrated. Steady-state crack growth is studied in two different specimen geometries. Simplified J-integral analyses arc used to estimate the work input to the failure zone for these steady-state problems. The J-integral estimations are compared with finite element results to determine the accuracy of the simplified analyses. | |
| 650 | 0 | |a Finite element method. | |
| 650 | 0 | |a Fracture mechanics. | |
| 650 | 0 | |a Plasticity. | |
| 650 | 4 | |a Major mechanical engineering. | |
| 655 | 7 | |a Academic theses |2 lcgft | |
| 700 | 1 | |a Bradley, W. L., |e degree supervisor. | |
| 700 | 1 | |a Haisler, W. E., |e degree committee member. | |
| 700 | 1 | |a Schapery, R. A., |e degree supervisor. | |
| 700 | 1 | |a Walton, J. R., |e degree committee member. | |
| 710 | 2 | |a Texas A & M University, |e degree granting institution. | |
| 856 | 4 | 1 | |u http://proxy.library.tamu.edu/login?url=http://proquest.umi.com/pqdweb?did=753964051&sid=1&Fmt=2&clientId=2945&RQT=309&VName=PQD |z Link to ProQuest copy |t 0 |
| 856 | 4 | 1 | |u https://hdl.handle.net/1969.1/DISSERTATIONS-20106 |z Link to OAKTrust copy |t 0 |
| 856 | 4 | 2 | |3 ProQuest, Abstract |u http://gateway.proquest.com/openurl?url_ver=Z39.88-2004&rft_val_fmt=info:ofi/fmt:kev:mtx:dissertation&res_dat=xri:pqm&rft_dat=xri:pqdiss:8615007 |t 0 |
| 994 | |a C0 |b TXA | ||
| 999 | f | f | |s 86ed7064-8f99-35a7-bd1a-26ac4a49455a |i 17d9d168-b732-3230-b06a-64f0864a27a5 |t 0 |
| 952 | f | f | |p noncirc |a Texas A&M University |b J.J. Pickle Campus |c High Density Repository |s HDR |d Remote Storage |t 0 |e 1986 Dissertation W362 |h Other scheme |i unmediated -- volume |m A14839621351 |
| 952 | f | f | |a Texas A&M University |b College Station |c Electronic Resources |s www_evans |d Available Online |t 0 |e 1986 Dissertation W362 |h Other scheme |
| 998 | f | f | |a 1986 Dissertation W362 |t 0 |l Remote Storage |
| 998 | f | f | |a 1986 Dissertation W362 |t 0 |l Available Online |